00939cam a2200217 a 45000010009000000050017000090080041000260200015000670400018000820820022001002450119001222600061002413000017003025000208003196500014005277000029005417000038005709420006006089520094006149990013007081183647920240322004748.0990316s1998 ce b 101 0 eng  a9555800324 aDLCcDLCdDLC00a324.294221bDEM.00aDemocratisation in South Asia :bthe first fifty years /cedited by John M. Richardson, S.W.R. de A. Samarasinghe. aKandy :bInternational Centre for Ethnic Studies,c1998. aiv, 348 p. ; a"International Centre for Ethnic Studies, Kandy, Sri Lanka in association with the Canadian International Development Agency, the Ford Foundation, the Friedrich Ebert Stiftung, the MacArthur Foundation." 0aDemocracy1 aRichardson, John M.eedt1 aSamarasinghe, S. W. R. de A.eedt cL 001040708LaWERCLbWERCLd2024-03-22l0o324.294 DEM.p6004r2024-03-22w2024-03-22yL c595d595